000 01018cam a22002054a 4500
005 20250605164042.0
008 250528s ||||||||||||||||||||||||d
035 _a17026
020 _a415133742
040 _aGR-AtMCL
_bgre
_dGR-AtMCL
_eAACR2
245 1 _aSociology, Work and Industry / Third Edition
250 _a3rd
260 _bRouledge,
_c1995
300 _a426
520 _aAn indispensable guide to a massive and complex field, its distinctive language and style of analysis. List of Figures, Introduction, Sociology and Social Analysis, The Sociological Analysis of Work and Industry, The Industrialized Society, Work: Meaning and Opportunity and Experience, The Structuring of Work: Occupations and the Social Division of Labor, The Structuring of Work: Organizations, Conflict and Challenge and Control in Work, The Restructuring of Work and Employment, Glossary, Bibliography, Name and Subject Index.
700 1 _aWatson Tony
_92196
942 _cBK
999 _c2466
_d2466